000 01516nam a2200313 i 4500
003 EG-GICUC
005 20260121101126.0
008 251102s1948 iq ||||fr|||| 001 0 ara d
040 _a EG-GICUC
_bara
_c EG-GICUC
_d EG-GICUC
_erda
041 0 _aara
082 0 4 _a343.37210567
_bس ل . ق
_221
092 0 4 _221
099 _aLaw1 10 343.37210567 س ل . ق 1948 1004489
100 0 _aسلمان بيات.
_eمجمع.
245 1 2 _aالقضاء الجنائي العراقي :
_bمجموعة القرارات الجزائية التي أصدرتها محكمة تمييز العراق سنة 1925 حتى منتصف 1947.
_nالجزء الأول،
_pقانون العقوبات البغدادي والتعديلات الطارئة عليه - مصححاً على النسخة الانكليزية /
_cجمع وتلخيص وترتيب سلمان بيات.
264 1 _aبغداد :
_bدار دجلة للطباعة والنشر،
_c1948.
300 _a446 صفحة ؛
_c24 سم.
336 _2rda content
_atext
337 _2rda media
_aComputer
338 _2rda carrier
_aOnline Resource
504 _aيشتمل على إرجاعات ببليوجرافية.
546 _aالنص باللغة العربية
650 1 _aالقضاء الجنائي العادى
_zالعراق
_2qrmak
650 1 _a قانون الإجراءات الجنائية
_zالعراق
_2qrmak
651 1 _2qrmak
856 4 0 _uhttps://fll.law.cu.edu.eg/fulltext/bks/B10-04489pdf
905 _aRamy
942 _2ddc
_cBK
_e21
_n0
999 _c39879
_d39879